[Event "Reykjavik op"]
[Site "Reykjavik"]
[Date "2013.02.22"]
[Round "5"]
[White "Halldorsson, Jon Arni"]
[Black "Herda, Christoph"]
[Result "1-0"]
[WhiteElo "2222"]
[BlackElo "1915"]
[PlyCount "73"]
[EventDate "2013.02.19"]
[EventType "swiss"]
[EventRounds "10"]
[EventCountry "ISL"]
[SourceTitle "CBM 153 Extra"]
[Source "ChessBase"]
[SourceDate "2013.04.22"]
[SourceVersion "1"]
[SourceVersionDate "2013.04.22"]
[SourceQuality "1"]

1. d4 Nf6 2. c4 c5 3. d5 b5 4. Nf3 e6 5. Bg5 exd5 6. cxd5 d6 7. e4 a6 8. a4 b4 9. Nbd2 Be7 10. Bc4 Bg4 11. 0-0 a5 12. Re1 Nbd7 13. h3 Bxf3 14. Nxf3 0-0 15. e5 Nxe5 16. Nxe5 dxe5 17. Rxe5 Bd6 18. Rf5 Qd7 19. Qf3 Ne8 20. Bb5 Qc7 21. Bc6 Rb8 22. Qe2 c4 23. Re1 h6 24. Bd2 Qb6 25. Qxc4 g6 26. Rf3 Kh7 27. Qh4 Qc7 28. Bxh6 Rh8 29. Qd4 f5 30. Bg5 Rf8 31. Re6 Ng7 32. Qh4+ Nh5 33. g4 fxg4 34. Rxf8 Rxf8 35. hxg4 Rxf2 36. Qxf2 Bc5 37. Be3 1-0

[Event "Reykjavik op"]
[Site "Reykjavik"]
[Date "2013.02.19"]
[Round "1"]
[White "Herda, Christoph"]
[Black "Smith, Axel"]
[Result "0-1"]
[WhiteElo "1915"]
[BlackElo "2485"]
[PlyCount "70"]
[EventDate "2013.02.19"]
[EventType "swiss"]
[EventRounds "10"]
[EventCountry "ISL"]
[SourceTitle "CBM 153 Extra"]
[Source "ChessBase"]
[SourceDate "2013.04.22"]
[SourceVersion "1"]
[SourceVersionDate "2013.04.22"]
[SourceQuality "1"]

1. Nc3 d5 2. e4 d4 3. Nce2 e5 4. Ng3 Be6 5. Nf3 f6 6. Bb5+ c6 7. Ba4 Na6 8. Bb3 Bxb3 9. axb3 d3 10. 0-0 Ne7 11. Ne1 dxc2 12. Qxc2 h5 13. Qc4 Qd7 14. d3 Nc8 15. Be3 Nd6 16. Qc2 Nb5 17. Ne2 g5 18. Qc4 Rd8 19. Rd1 c5 20. Nc3 Nxc3 21. Qxc3 Rh7 22. Nc2 Qe6 23. Qc4 Qxc4 24. dxc4 Rhd7 25. Rxd7 Rxd7 26. b4 cxb4 27. Bxa7 Rd2 28. Rc1 b3 29. Ne3 Rxb2 30. Nd1 Rc2 31. Rb1 Bc5 32. Bxc5 Nxc5 33. Ne3 Ra2 34. f3 b2 35. Nd1 Ra1 0-1

[Event "Paignton op"]
[Site "Paignton"]
[Date "2012.09.06"]
[Round "5"]
[White "Brusey, Alan W"]
[Black "Herda, Christoph"]
[Result "1/2-1/2"]
[WhiteElo "2033"]
[BlackElo "1911"]
[PlyCount "89"]
[EventDate "2012.09.02"]
[EventType "swiss"]
[EventRounds "7"]
[EventCountry "ENG"]
[SourceTitle "CBM 150 Extra"]
[Source "ChessBase"]
[SourceDate "2012.10.19"]
[SourceVersion "1"]
[SourceVersionDate "2012.10.19"]
[SourceQuality "1"]

1. e4 d5 2. exd5 Qxd5 3. d4 Nc6 4. Nf3 Bg4 5. Be2 0-0-0 6. Be3 Nh6 7. 0-0 Nf5 8. c4 Nxe3 9. fxe3 Qe4 10. Qb3 f6 11. Nbd2 Qg6 12. d5 Nb8 13. h3 Bxh3 14. Rf2 Bg4 15. Bd3 Qh5 16. Nd4 e6 17. Nxe6 Bxe6 18. dxe6 Bd6 19. Bf5 Qh2+ 20. Kf1 Rde8 21. Rd1 Re7 22. Nf3 Qh5 23. Nd4 Na6 24. g4 Qh3+ 25. Kg1 g6 26. Bc2 Nc5 27. Qc3 Nxe6 28. Nb5 a6 29. Nxd6+ cxd6 30. Qxf6 Rhe8 31. Qf3 Ng5 32. Qf4 Rxe3 33. Rd3 Re1+ 34. Rf1 Rxf1+ 35. Qxf1 Qxf1+ 36. Kxf1 Kc7 37. Rd4 Re7 38. b4 Rf7+ 39. Kg2 Re7 40. Bb3 Ne6 41. Re4 Kd8 42. c5 Kd7 43. Ba4+ Kc7 44. Bb3 Kd7 45. Ba4+ 1/2-1/2

[Event "Rhein Main op-A 15th"]
[Site "Bad Homburg"]
[Date "2012.06.09"]
[Round "5"]
[White "Herda, Christoph"]
[Black "Speck, Stefan"]
[Result "1/2-1/2"]
[WhiteElo "1881"]
[BlackElo "1997"]
[PlyCount "81"]
[EventDate "2012.06.06"]
[EventType "swiss"]
[EventRounds "7"]
[EventCountry "GER"]
[SourceTitle "EXT 2013"]
[Source "ChessBase"]
[SourceDate "2012.11.22"]
[SourceVersion "1"]
[SourceVersionDate "2012.11.22"]
[SourceQuality "1"]

1. Nc3 Nf6 2. g4 Nxg4 3. e4 Nf6 4. e5 Ng8 5. Bc4 e6 6. Nf3 d5 7. exd6 cxd6 8. d4 d5 9. Bd3 Nc6 10. a3 Bd6 11. Rg1 Kf8 12. Be3 Nf6 13. Qd2 a6 14. Rxg7 Rg8 15. Rxg8+ Nxg8 16. Bxh7 Qf6 17. Ke2 Nge7 18. Rg1 Qh8 19. Bh6+ Ke8 20. Rg7 b5 21. Ng5 Nd8 22. Qe3 Ra7 23. Qf3 Kd7 24. Nxf7 Nxf7 25. Qxf7 Kc6 26. Qh5 Rb7 27. Bd3 Nf5 28. Rxb7 Nxd4+ 29. Kd2 Bxb7 30. Qg6 Qe5 31. Qg3 Qf6 32. Qh3 Qxf2+ 33. Kc1 Qe1+ 34. Nd1 a5 35. Bd2 Qe5 36. Be3 b4 37. axb4 axb4 38. Bxd4 Qxd4 39. Qxe6 Qf4+ 40. Kb1 Qxh2 41. Qe8+ 1/2-1/2

[Event "Moehnesee Cup 36th"]
[Site "Moehnesee"]
[Date "2010.08.28"]
[Round "4"]
[White "Heidler, Norbert Klaus"]
[Black "Herda, Christoph"]
[Result "1-0"]
[WhiteElo "2056"]
[BlackElo "1898"]
[PlyCount "101"]
[EventDate "2010.08.26"]
[EventType "swiss"]
[EventRounds "7"]
[EventCountry "GER"]
[SourceTitle "EXT 2011"]
[Source "ChessBase"]
[SourceDate "2010.11.26"]
[SourceVersion "1"]
[SourceVersionDate "2010.11.26"]
[SourceQuality "1"]

1. c4 e5 2. e4 g6 3. g3 Bg7 4. Bg2 d6 5. Ne2 Nc6 6. Nbc3 Be6 7. d3 Qd7 8. h3 h6 9. a3 Nge7 10. b4 f5 11. Rb1 0-0 12. b5 Nd8 13. Nd5 c6 14. Nxe7+ Qxe7 15. 0-0 g5 16. exf5 Bxf5 17. Nc3 Rc8 18. a4 Ne6 19. Be3 Nd4 20. Na2 Qd7 21. Bxd4 exd4 22. Kh2 Rce8 23. bxc6 bxc6 24. Qd2 c5 25. Qc2 Rb8 26. Rxb8 Rxb8 27. Ra1 Be5 28. Nc1 Rb4 29. Qd1 Kg7 30. a5 Qc7 31. Qf3 Bc8 32. Qh5 Bf5 33. Qe8 Rb2 34. Kg1 Rb8 35. Qh5 Qd7 36. Kh2 Bf6 37. Qf3 g4 38. hxg4 Bxg4 39. Qe4 Re8 40. Qd5 Be6 41. Qf3 Rb8 42. Qe2 Bg5 43. f4 Bf6 44. Be4 Bxc4 45. dxc4 d3 46. Qh5 Bxa1 47. Qg6+ Kf8 48. Bd5 Bg7 49. Nxd3 Qe8 50. Qxd6+ Qe7 51. Qxb8+ 1-0

[Event "Moehnesee Cup 36th"]
[Site "Moehnesee"]
[Date "2010.08.27"]
[Round "2"]
[White "Steinle, Carsten"]
[Black "Herda, Christoph"]
[Result "1-0"]
[WhiteElo "2151"]
[BlackElo "1898"]
[PlyCount "49"]
[EventDate "2010.08.26"]
[EventType "swiss"]
[EventRounds "7"]
[EventCountry "GER"]
[SourceTitle "EXT 2011"]
[Source "ChessBase"]
[SourceDate "2010.11.26"]
[SourceVersion "1"]
[SourceVersionDate "2010.11.26"]
[SourceQuality "1"]

1. d4 d5 2. e3 Nf6 3. Nf3 Bg4 4. Be2 e6 5. 0-0 Bd6 6. b3 0-0 7. Bb2 Ne4 8. c4 c6 9. Ne5 Bxe2 10. Qxe2 f6 11. Nd3 Bc7 12. f3 Ng5 13. Nc3 Nd7 14. f4 Nf7 15. e4 dxe4 16. Nxe4 e5 17. dxe5 fxe5 18. Rad1 Qe7 19. f5 Bb6+ 20. Kh1 Bd4 21. f6 Qe8 22. Ba3 Qe6 23. Bxf8 Rxf8 24. fxg7 Kxg7 25. Rf3 1-0

[Event "Rhein Main op 12th"]
[Site "Bad Homburg"]
[Date "2009.06.13"]
[Round "6"]
[White "Herda, Christoph"]
[Black "Seifert, Christopher"]
[Result "0-1"]
[WhiteElo "1827"]
[BlackElo "2050"]
[PlyCount "86"]
[EventDate "2009.06.10"]
[EventType "swiss"]
[EventRounds "7"]
[EventCountry "GER"]
[SourceTitle "CBM 131 Extra"]
[Source "ChessBase"]
[SourceDate "2009.09.03"]
[SourceVersion "2"]
[SourceVersionDate "2009.09.16"]
[SourceQuality "1"]

1. Nc3 g6 2. h4 h5 3. e4 Bg7 4. d4 d6 5. Be3 Nf6 6. Be2 c6 7. Qd2 b5 8. f3 Qc7 9. Nh3 Bxh3 10. Rxh3 Nbd7 11. a3 a6 12. Nd1 Nb6 13. c3 Rc8 14. Kf2 Nfd7 15. Rc1 c5 16. d5 c4 17. Bd4 Bh6 18. f4 Nc5 19. Qe3 Rh7 20. Rc2 Nbd7 21. Kg1 Nf6 22. Nf2 Qd7 23. Qf3 Kf8 24. Be3 Nb3 25. Bd1 Rg7 26. Kh2 Re8 27. Re2 Ng4+ 28. Kg1 Nxe3 29. Qxe3 Nc5 30. Qf3 e6 31. Rd2 e5 32. g3 exf4 33. gxf4 Nxe4 34. Nxe4 Rxe4 35. Qxe4 Qxh3 36. Re2 Kg8 37. Qe7 Qg4+ 38. Kh1 Bxf4 39. Qd8+ Kh7 40. Re8 Qxd1+ 41. Kg2 Qxd5+ 42. Kf2 g5 43. hxg5 Qxg5 0-1

[Event "Rhein Main op 12th"]
[Site "Bad Homburg"]
[Date "2009.06.13"]
[Round "5"]
[White "Reimer, Otto"]
[Black "Herda, Christoph"]
[Result "0-1"]
[WhiteElo "1997"]
[BlackElo "1827"]
[PlyCount "42"]
[EventDate "2009.06.10"]
[EventType "swiss"]
[EventRounds "7"]
[EventCountry "GER"]
[SourceTitle "CBM 131 Extra"]
[Source "ChessBase"]
[SourceDate "2009.09.03"]
[SourceVersion "2"]
[SourceVersionDate "2009.09.16"]
[SourceQuality "1"]

1. e4 d5 2. exd5 Qxd5 3. d4 Nc6 4. Nf3 Bg4 5. Nc3 Qh5 6. Be2 0-0-0 7. Be3 Nf6 8. h3 e5 9. Qd2 exd4 10. Nxd4 Nxd4 11. Bxd4 Bc5 12. Bxg4+ Nxg4 13. Ne2 Bxd4 14. Nxd4 Rhe8+ 15. Kf1 c5 16. Qa5 Rxd4 17. Qxa7 Nf6 18. g4 Qd5 19. Rg1 Re7 20. c3 Ne4 21. Rh1 Ng3+ 0-1

[Event "Rhein Main op 12th"]
[Site "Bad Homburg"]
[Date "2009.06.11"]
[Round "3"]
[White "De Visser, Leon"]
[Black "Herda, Christoph"]
[Result "1-0"]
[WhiteElo "2052"]
[BlackElo "1827"]
[PlyCount "43"]
[EventDate "2009.06.10"]
[EventType "swiss"]
[EventRounds "7"]
[EventCountry "GER"]
[SourceTitle "CBM 131 Extra"]
[Source "ChessBase"]
[SourceDate "2009.09.03"]
[SourceVersion "2"]
[SourceVersionDate "2009.09.16"]
[SourceQuality "1"]

1. e4 d5 2. exd5 Qxd5 3. Nc3 Qa5 4. Bc4 Nf6 5. Nge2 Bg4 6. 0-0 Nc6 7. d3 e6 8. Bd2 Qh5 9. f3 Bd6 10. Nf4 Qc5+ 11. Kh1 Bh5 12. Nb5 0-0-0 13. Qe1 Bg6 14. a4 Bxf4 15. Bxf4 e5 16. Be3 Qe7 17. Nxa7+ Nxa7 18. Bxa7 Nd5 19. Bf2 h5 20. Qa5 c6 21. Bxd5 cxd5 22. Bb6 1-0